02031nam a2200337Ia 4500952009700000952009700097952009600194999001700290005001700307008004100324020001800365050001500383245015200398260009300550300002700643490004900670500012500719504003400844505020500878519014801083519014901231650003001380650004101410650004201451700003301493700004801526700003701574700003201611710003801643942001201681 00104070a13b13d2012-05-09l0oT58.5 A425 2009p13 002089r2013-09-04t1w2013-09-04yLB 00104070a19b19d0000-00-00l0oT58.5 T435 2009p19 000968r2013-09-18t1w2013-09-18yLB 00102lcc4070a20b20d2019-07-17l0oT58.5 T43p20 001423r2019-07-17t1w2019-07-17yLB c78382d7838220231102151236.0120630s2009 mx a 000 0 spa d a9786074501087 aT58.5bT43 aTecnologías de la información IIb : Guía de aprendizaje para el bachillerato general por competencias c / Jaime Acosta Vélez…[et.al…] aMéxicob : Universidad de Guadalajarab Sistema de Educación Media Superiorc , 2009 a162páginasc; 23 cm. a(Col. Bachillerato General por Competencias) aIncluye: Estimado estudiante de bachillerato Estructura de la unidad de aprendizaje Índice de contenido Presentación aBibliografía (página 162) aMódulo introductorio, Software libre vs Software propietario. Gestor de correo electrónico Outlook. Procesador de texto avanzado. Hoja de cálculo avanzado. Base de datos avanzado (base o access) aFlexible / bTecnologías de la Información / c Administración De Proyectos De Tecnologías De La Información (P12-1) /d(19 000968) aPlan Flexible / bTecnologías de la información / cAdministración de proyectos de tecnologías de la información (P12) / d(20 001423) 0aPROGRAMAS DE COMPUTADORAS 0aCOMPUTACIÓNxESTUDIO Y ENSEÑANZA 0aBASES DE DATOSxESTUDIO Y ENSEÑANZA aAcosta Vélez, Jaimeeautor aMartínez Sánchez, Raúl Antonioeautor aMercado Franco, Franciscoeautor aOrozco Torres, Luis Mixitli aUniversidad de Guadalajara923734 cLB2lcc